000 01667nam0a22002891 4500
001 v19\rc\1496780
005 20260405135353.0
035 _a(NLR Aleph) 005227616
090 _a5571085
_c5571085
100 _a20060620d1889 |||y0rusy50 ca
101 0 _arus
102 _aRU
105 _aa z |||||
200 1 _aНастольная книга для каждого священника, благочинного, следователя, опекуна, цензора и председателя Собраний по духовному ведомству о срочных и всякого рода несрочных представлениях и донесениях начальству, с правилами из законов и практики по службе
_fПо поручению съезда о. о. благочинных сост. и издал благочинный Тульской епархии, Ефремовского уезда, с. Лобанова, свящ. Александр Ив. Успенский
205 _a3-е изд.
210 _aТула
_d1889
215 _a[4], IV, 202 с., 1 л. табл.
_d26
300 _aПодзагол. незначит. дополнен
700 1 _4220
_4650
_7ca
_8rus
_aУспенский
_bА. И.
_cсвященнослужитель, пчеловод
_f1835-1902
_gАлександр Иванович
_938727
_3RU\NLR\AUTH\7755795
801 2 _aRU
_bNLR
_c20070912
_2rusmarc
801 0 _aRU
_bNLR
_c20060620
_gpsbo
801 0 _aRU
_bRuMoRGB
_c20060620
_2psbo
801 1 _aRU
_bProSoft-M
_c20060620
_2rusmarc
852 _aNLR
_j18.314.1.4
942 _cBOOK
980 _aNB